000 00381cam a22001217a 4500
008 180718b1923 xxu||||| |||| 00| 0 eng d
082 _aA81x54 In2/21/16/PT2
100 _aCensus of India 1921
245 _aUnited Provinces of Agra and Oudh: imperial tables
260 _aAllahabad
_bGovernment Press
_c1923
300 _a463+p.
440 _aCensus of India 1921. Volume XVI. Part II
999 _c483588
_d483588